| 000 | 00694nam a2200229Ia 4500 | ||
|---|---|---|---|
| 003 | OSt | ||
| 005 | 20221007063954.0 | ||
| 006 | a|||||r|||| 00| 0 | ||
| 007 | ta | ||
| 008 | 221006b |||||||| |||| 00| 0 eng d | ||
| 024 | _a2,032 | ||
| 037 | _cTextual | ||
| 040 |
_aFLL _cFLL _beng |
||
| 041 |
_2eng _aeng |
||
| 082 | _aY11:45:65.73, L8 | ||
| 100 |
_aMcEwen C.A. Au. _9685032 |
||
| 245 | 0 | _aDesigning correctional organizations for youths | |
| 260 |
_aCambridge _bBallinger publishing company U.K. _c1978 |
||
| 650 |
_aDesigning correctional organizations for youths _9685033 |
||
| 942 |
_hY11:45:65.73, L8 _cTEXL _2CC |
||
| 999 |
_c1132689 _d1132689 |
||